Manifiesto que hace la Diputación Provincial de Valencia de sus más importantes trabajos, desde que fue instalada en 1820, hasta 28 de febrero de 1822
Descripción Física:
27 p., 1 f. pleg. ; 20 cm
Materias:
València. Diputació -- Memòries
MARC
| LEADER | 00000nam a2200000Ia 4500 | ||
|---|---|---|---|
| 001 | 11687 | ||
| 008 | 160829s9999 xx 000 0 cat d | ||
| 080 | |a 37, exp. 2 | ||
| 110 | 1 | |a València (País Valencià : Província). |b Diputació |9 54740 | |
| 245 | |a Manifiesto que hace la Diputación Provincial de Valencia de sus más importantes trabajos, desde que fue instalada en 1820, hasta 28 de febrero de 1822 | ||
| 260 | |a Valencia : |b (Imp. de Manuel Muñoz y C.), [1822?] | ||
| 300 | |a 27 p., 1 f. pleg. ; |c 20 cm | ||
| 650 | |a València. Diputació |x Memòries |9 48184 | ||
| 901 | |a Arxiu | ||
| 942 | |n 1 | ||
| 952 | |0 0 |1 0 |4 0 |6 37_EXP_2 |7 1 |9 54369 |a Arxiu |b Arxiu |d 2016-12-01 |l 0 |o 37, exp. 2 |p 11687 |r 2016-12-01 00:00:00 |w 2016-12-01 |y ARXIU | ||
| 999 | |c 58238 |d 58238 | ||